Peninsulas - Statistics

General Stats
  • This quiz has been taken 32,368 times
    25,968 since last reset
  • The average score is 14 of 21
Answer Stats
Clue Peninsula % Correct
Boot-shaped country Italy
98%
U.S. state that juts into the Gulf of Mexico Florida
95%
Spain and Portugal Iberia
88%
Peninsula of two countries, North and South Korea
87%
Sweden, Norway, and part of Finland Scandinavia
87%
What Russia took from Ukraine in 2014 Crimea
82%
Somalia, Ethiopia, Djibouti, Eritrea {Horn} of Africa
81%
British territory in southern Spain Gibraltar
79%
Former Yugoslavia, Greece, and Bulgaria Balkan
73%
Mexican peninsula south of San Diego Baja California
72%
Ground zero for a dinosaur-killing meteorite Yucatán
62%
Where Moses received the Ten Commandments Sinai
59%
French region and one of the Celtic nations Brittany
58%
Continental Denmark and northern Germany Jutland
54%
Country home to Al Jazeera Qatar
54%
Usually considered the world's largest peninsula Arabia
53%
Covers most of Turkey Anatolia
51%
Hook-shaped peninsula of Massachusetts Cape Cod
50%
Peninsula of the Russian Far East featured in the board game Risk Kamchatka
46%
Main peninsulas of Michigan Upper
37%
Main peninsulas of Michigan Lower
35%
No matching quizzes found
Score Distribution
Percent of People with Each Score
Percentile by Number Answered
Your Score History
You have not taken this quiz since the last reset